| 000 | 00451nam a2200157 4500 | ||
|---|---|---|---|
| 003 | SEACOMEC | ||
| 005 | 20250528133718.0 | ||
| 008 | 250528b |||||||| |||| 00| 0 eng d | ||
| 020 |
_a978-0201500226 _c699.00 |
||
| 040 | _aSEACOMEC | ||
| 082 |
_a621.3815 _bS652 |
||
| 100 | _a Smith , Michael John Sebastian | ||
| 245 |
_aApplication-Specific Integrated Circuits _cMichael John Sebastian Smith |
||
| 260 |
_aNew Delhi : _bPearson, _c1997 |
||
| 942 | _cBOOK | ||
| 999 |
_c2298 _d2298 |
||